Uttar purbanchalar janagosthiya sajpar aru aa alankar (Record no. 9985)

MARC details
000 -LEADER
fixed length control field 00594cam a2200205ua 4500
008 - FIXED-LENGTH DATA ELEMENTS--GENERAL INFORMATION
fixed length control field 190810n ii |||gr||||Z||||||asm
020 ## - INTERNATIONAL STANDARD BOOK NUMBER
International Standard Book Number 9789381710197
040 ## - CATALOGING SOURCE
Transcribing agency MAIN
041 ## - LANGUAGE CODE
-- asm
082 ## - DEWEY DECIMAL CLASSIFICATION NUMBER
Classification number 391.0095416
245 ## - TITLE STATEMENT
Title Uttar purbanchalar janagosthiya sajpar aru aa alankar
Statement of responsibility, etc. Edited by Ajanta Rajkhowa
250 ## - EDITION STATEMENT
Edition statement 1st ed.
260 ## - PUBLICATION, DISTRIBUTION, ETC.
Place of publication, distribution, etc. Guwahati:
Name of publisher, distributor, etc. Banphool prakashan,
Date of publication, distribution, etc. 2013.
300 ## - PHYSICAL DESCRIPTION
Extent 344+16p.
700 ## - ADDED ENTRY--PERSONAL NAME
Personal name Ajanta Rajkhowa,
Relator term
942 ## - ADDED ENTRY ELEMENTS (KOHA)
Koha item type Books
653 ## - INDEX TERM--UNCONTROLLED
Uncontrolled term Costume & personal appearance
653 ## - INDEX TERM--UNCONTROLLED
Uncontrolled term Costume and jewellery of the tribes of North East
Holdings
Withdrawn status Lost status Damaged status Not for loan Home library Current library Shelving location Date acquired Total Checkouts Full call number Barcode Date last seen Date last checked out Copy number Price effective from Koha item type
        Central Library, Naharkatiya College Central Library, Naharkatiya College General Stacks 19/09/2020 12 391.0095416oUTT 26717 16/09/2024 19/08/2024 1 19/09/2020 Books
        Central Library, Naharkatiya College Central Library, Naharkatiya College General Stacks 19/09/2020 10 391.0095416oUTT 26718 30/06/2023 20/06/2023 2 19/09/2020 Books

Naharkatiya College © 2020. All rights reserved.

Powered By